000 01203cam a2200217 4500
001 WB4023-19
008 040616n2004 000 0 eng u
035 _a(Sirsi) u126490
245 _aUrgent action needed over waste
260 _c2004
490 _aICE Press Statement
_v15 June 2004 (3)
520 _aThe ICE report, "The state of the nation 2004", has called for urgent action to provide over 2 000 new facilities to deal with the waste crisis. The ICE's estimate considers the number of waste management facilities, including recycling facilities, to replace a single landfill site. The report considers that there are insufficient statistics to accurately assess the problem and that government is not doing enough to encourage investment in sustainable solutions. The report is available to download as a pdf from the ICE website http://www.ice.org.uk/downloads//SoN2004_Waste_Bri efing_Document.pdf. http://www.ice.org.uk/news_events/newsdetail_ice.a sp?PressID=260&NewsType=Press
590 _aWB
590 _aWB
650 _aWASTE TREATMENT
650 _aLANDFILL SITES
650 _aRECYCLING SITES
650 _aWASTE INDUSTRY
690 _aWASTE MANAGEMENT
942 _n0
999 _c117526
_d117526